Equator Countries Quiz Stats

 Plays Quiz Updated May 3, 2019

Score 0/13 Timer 03:00
1 Play Today
% Correct
Brazil
93.1%
Ecuador
87.7%
Indonesia
78.5%
Kenya
75.8%
Democratic Republic of the Congo
75%
Colombia
72.8%
Uganda
61.5%
Republic of the Congo
57.9%
Somalia
52.6%
Gabon
50.5%
Maldives
36.7%
São Tomé and Príncipe
30%
Kiribati
25.4%

You're not logged in!

Compare scores with friends on all Sporcle quizzes.
OR
Log In

Sporcle TV

Today on Sporcle TV


Watch our educational content, quiz creation guides, and fun videos on Sporcle TV.

Show Comments

Extras

Top Quizzes Today


Score Distribution

Your Account Isn't Verified!

In order to create a playlist on Sporcle, you need to verify the email address you used during registration. Go to your Sporcle Settings to finish the process.

Report this User

Report this user for behavior that violates our Community Guidelines.

Details: